MyGZULibrary

Botso / (Record no. 704)

MARC details
000 -LEADER
fixed length control field 00645cam a22002417a 4500
001 - CONTROL NUMBER
control field 14916396
003 - CONTROL NUMBER IDENTIFIER
control field GZU
005 - DATE AND TIME OF LATEST TRANSACTION
control field 20200910154739.0
008 - FIXED-LENGTH DATA ELEMENTS--GENERAL INFORMATION
fixed length control field 070705s2007 enk 000 0 sna
010 ## - LIBRARY OF CONGRESS CONTROL NUMBER
LC control number 2007380820
020 ## - INTERNATIONAL STANDARD BOOK NUMBER
International Standard Book Number 0797430172
040 ## - CATALOGING SOURCE
Original cataloging agency DLC
Transcribing agency DLC
042 ## - AUTHENTICATION CODE
Authentication code lcode
050 00 - LIBRARY OF CONGRESS CALL NUMBER
Classification number PL8681.9
Item number GWA 2010
100 1# - MAIN ENTRY--PERSONAL NAME
Personal name Gwata, Christopher C.,
Dates associated with a name 1941-
Relator term author
245 10 - TITLE STATEMENT
Title Botso /
Statement of responsibility, etc. Christopher C. Gwata.
260 ## - PUBLICATION, DISTRIBUTION, ETC.
Place of publication, distribution, etc. Marondera :
Name of publisher, distributor, etc. New Era College,
Date of publication, distribution, etc. c2010.
300 ## - PHYSICAL DESCRIPTION
Extent 183 p. ;
Dimensions 21 cm.
500 ## - GENERAL NOTE
General note A novel.
546 ## - LANGUAGE NOTE
Language note In Shona.
906 ## - LOCAL DATA ELEMENT F, LDF (RLIN)
a 7
b cbc
c origode
d 4
e ncip
f 20
g y-gencatlg
942 ## - ADDED ENTRY ELEMENTS (KOHA)
Source of classification or shelving scheme Library of Congress Classification
Koha item type Books
Classification part 8681.9
Item part GWA
Call number prefix PL
Holdings
Withdrawn status Lost status Source of classification or shelving scheme Damaged status Not for loan Collection code Home library Current library Shelving location Date acquired Total Checkouts Total Renewals Full call number Barcode Date last seen Date last checked out Copy number Price effective from Koha item type
    Library of Congress Classification     Fiction City Campus Library City Campus Library General Stacks 09/10/2020 5 1 PL8681 GWA 2010 002401 12/19/2022 12/19/2022 c. 1 09/10/2020 Books